000 00463nam a22001457a 4500
008 230529b |||||||| |||| 00| 0 eng d
040 _aNational Science Library
_cNational Science Library
080 _aR 92:002DD
_bK4
245 _aF Donker Duyvis his life and work
_c/ Institute of Documentation and Filing
260 _aHague:
_bInstitute of Documentation and Filing,
_c1964
300 _a80p.
650 _aGeography
653 _aScience
942 _2udc
_cPR
999 _c36065
_d36065